[Event "ISR-ch U08/18"]
[Site "Savyon"]
[Date "2022.04.08"]
[Round "2"]
[White "Laikind, Koral"]
[Black "Kochavi, Dana"]
[Result "0-1"]
[WhiteElo "1179"]
[BlackElo "1794"]
[PlyCount "74"]
[EventDate "2022.04.06"]
[EventType "swiss"]
[EventRounds "9"]
[EventCountry "ISR"]
[SourceTitle "EXT 2023"]
[Source "ChessBase"]
[SourceDate "2022.10.05"]
[SourceVersion "1"]
[SourceVersionDate "2022.10.05"]
[SourceQuality "1"]

1. e4 c6 2. Nc3 d5 3. Nf3 dxe4 4. Nxe4 Nf6 5. Qe2 Nxe4 6. Qxe4 Nd7 7. d4 Nf6 8. Qe3 g6 9. b3 Bg7 10. c4 c5 11. h3 cxd4 12. Qxd4 Nh5 13. Qxd8+ Kxd8 14. Rb1 Bf5 15. Rb2 Bxb2 16. Bxb2 Nf6 17. g4 Be4 18. Bg2 Rf8 19. 0-0 b6 20. Rd1+ Kc7 21. Be5+ Kb7 22. Rd4 Bc6 23. b4 Rad8 24. b5 Bxf3 25. Bxf3+ Kc8 26. Rf4 Nd7 27. Bg7 e5 28. Re4 Rfe8 29. g5 Nc5 30. Bg4+ Kb7 31. Re1 e4 32. Bf6 Rd2 33. f3 e3 34. f4 Nd3 35. Bf3+ Kc7 36. Rb1 e2 37. Bc3 e1Q+ 0-1